The World War I Quiz - Statistics

General Stats
  • This quiz has been taken 115 times
  • The average score is 14 of 22
Answer Stats
Hint Answer % Correct
Name for World War I before World War II The Great War
85%
Land between two trenches {No-Man's} Land
83%
Country formed from Russian and German lands Poland
83%
City in which Arch Duke Ferdinand was shot Sarajevo
81%
Treaty that ended the war Treaty of {Versailles}
76%
Sport played between the British and Germans on Christmas, 1914 Soccer
75%
U.S President during the war Woodrow Wilson
74%
Country that joined the triple entente in 1915 Italy
73%
Leader of Germany during the war Wilhelm II
73%
British king during the war King George
72%
Organization formed to prevent another World War League of Nations
70%
British officer famous for helping in the Arab Revolt T.E Lawrence
69%
New technology used in the war, known as "Landships" Tanks
67%
Country formed from a revolution that happened during the war Soviet Union
65%
Disease that struck during the war, killing more people than the war Spanish Flu
61%
Vehicle used to attack Britain from the air Zeppelin
55%
British Ship sunk by a German submarine Lusitania
46%
U.S Holiday created to commemorate the end of the war {Veterans} Day
44%
Country that lost 22% of its population Serbia
43%
Telegram sent to convince Mexico to join the war {Zimmerman} Telegram
40%
Name for the alliance of Germany, Austria-Hungary, and the Ottomans Central Powers
36%
Most common gas used in World War I {Chlorine} Gas
27%
No matching quizzes found
Score Distribution
Percent of People with Each Score
Percentile by Number Answered
Your Score History
You have not taken this quiz